Game of Thrones Episode Titles. - Statistics

General Stats
  • This quiz has been taken 1,086 times
    921 since last reset
  • The average score is 20 of 48
Answer Stats
Hint Answer % Correct
1 Winter is Coming
92%
9 The Rains of Castamere
73%
9 Blackwater
69%
9 Baelor
65%
2 The Kingsroad
59%
10 Valar Morghulis
56%
8 Hardhome
55%
10 Mhysa
55%
8 The Mountain and the Viper
55%
2 The Lion and the Rose
54%
10 Fire and Blood
52%
4 Cripples, Bastards, and Broken Things
51%
1 Valar Dohaeris
49%
6 A Golden Crown
47%
9 The Watchers on the Wall
47%
5 The Wolf and the Lion
47%
6 Unbowed, Unbent, Unbroken
47%
3 Lord Snow
46%
7 The Bear and the Maiden Fair
45%
10 The Children
43%
1 The North Remembers
43%
7 You Win or You Die
42%
4 Oathkeeper
41%
6 The Climb
37%
1 Two Swords
37%
4 And Now His Watch Is Ended
36%
8 The Pointy End
36%
3 What is Dead May Never Die
35%
5 The Ghost of Harrenhal
34%
5 Kissed by Fire
32%
6 The Laws of Gods and Men
32%
3 Breaker of Chains
31%
2 The House of Black and White
31%
8 The Prince of Winterfell
31%
1 The Wars to Come
31%
2 Dark Wings, Dark Words
30%
7 Mockingbird
30%
8 Second Sons
30%
4 The Sons of the Harpy
30%
7 A Man Without Honor
29%
4 Garden of Bones
29%
3 High Sparrow
29%
5 Kill the Boy
29%
7 The Gift
29%
5 First of His Name
28%
6 The Old Gods and the New
27%
2 The Night Lands
26%
3 Walk of Punishment
23%
No matching quizzes found
Score Distribution
Percent of People with Each Score
Percentile by Number Answered
Your Score History
You have not taken this quiz since the last reset